| 000 | 00595nam a2200241Ia 4500 | ||
|---|---|---|---|
| 003 | OSt | ||
| 005 | 20231004142632.0 | ||
| 008 | 210210b1957 xxu||||| |||| 00| 0 eng d | ||
| 040 | _cAL | ||
| 041 | _aeng | ||
| 082 | _a590/213 | ||
| 100 |
_aMATHER (K) _9135990 |
||
| 245 | _aMeasurement of linkage in heredity | ||
| 260 |
_aLondon _bMethuen and Company Limited _c1957 |
||
| 650 |
_aof _9135991 |
||
| 650 |
_aMeasurement _9135992 |
||
| 650 |
_alinkage _9135993 |
||
| 650 |
_ain _9135994 |
||
| 650 |
_aheredity _9135995 |
||
| 690 |
_aZoology _9135996 |
||
| 906 | _a010785 | ||
| 942 |
_2ddc _cBK |
||
| 999 |
_c138675 _d138675 |
||